000 01260nam a2200349 i 4500
001 13606
003 KOSZ 005
005 20200508132241.0
008 070710s1970 pl f 000 0 pol
015 _aPB 1970/7369
035 _a(OCoLC)838974910
040 _aWA N
_cWA N
_dKOSZ 005/KK
080 _a62:380.1:658.7/.8
100 1 _aHoltzman, Władysław
_d(1906-1994).
_eAutor.
245 1 0 _aFunkcje i organizacja aparatu zbytu w przemyśle /
_cWładysław Holtzman.
250 _aWydanie 2 zaktualizowane.
260 _aWarszawa :
_bPaństwowe Wydawnictwo Ekonomiczne,
_c1970.
300 _a96, [4] stron ;
_c18 cm.
336 _2rdacontent
_aTekst
_btxt
337 _2rdamedia
_aBez urządzenia pośredniczącego
_bn
338 _2rdacarrier
_aWolumin
_bnc
380 _aKsiążki.
490 1 _aProblemy Ekonomiki Przemysłu.
504 _aBibliografia na stronie [98].
658 _aGospodarka, ekonomia, finanse
650 4 _aPrzemysł
650 4 _aObrót towarowy
710 2 _aPaństwowe Wydawnictwo Ekonomiczne
_4pbl.
830 0 _aProblemy Ekonomiki Przemysłu.
856 _uhttp://koha.tu.koszalin.pl/cgi-bin/koha/opac-detail.pl?biblionumber=13606
_yKatalog online BPK
942 _2UKD
_cKS
999 _c13606
_d13606